书目信息 |
| 题名: |
二十世纪中国戏曲改革理论研究
|
|
| 作者: | 郭玉琼 著 | |
| 分册: | ||
| 出版信息: | 北京 中国书籍出版社 2019.05 |
|
| 页数: | 212页 | |
| 开本: | 24cm | |
| 丛书名: | ||
| 单 册: | ||
| 中图分类: | J892.0 | |
| 科图分类: | ||
| 主题词: | 戏曲改革--xi qu gai ge--研究--中国--20世纪 | |
| 电子资源: | ||
| ISBN: | 978-7-5068-7287-4 | |
| 000 | 01064nam0 2200265 450 | |
| 001 | CAL 0120192858831 | |
| 005 | 20230217093113.0 | |
| 010 | @a978-7-5068-7287-4@dCNY59.00 | |
| 100 | @a20191014d2019 em y0chiy0120 ea | |
| 101 | 0 | @achi |
| 102 | @aCN@b110000 | |
| 105 | @ay a 000yy | |
| 106 | @ar | |
| 200 | 1 | @a二十世纪中国戏曲改革理论研究@Aer shi shi ji zhong guo xi qu gai ge li lun yan jiu@f郭玉琼著 |
| 210 | @a北京@c中国书籍出版社@d2019.05 | |
| 215 | @a212页@d24cm | |
| 300 | @a本书为教育部人文社会科学研究青年项目“20世纪中国戏曲改革理论研究”最终成果 项目批准号: 13YJC760022 | |
| 314 | @a郭玉琼, 厦门理工学院文化产业与旅游学院副教授, 厦门大学戏剧戏曲学博士。 | |
| 320 | @a有书目 | |
| 330 | @a本书共分为6个部分, 主要内容包括: 百年中国社会变迁与戏曲危机及戏曲改革、启蒙焦灼中的戏曲价值确认和戏曲改良主张、国剧: 戏曲改革的另一种理想图景及其实现路径等。 | |
| 606 | 0 | @a戏曲改革@Axi qu gai ge@x研究@y中国@z20世纪 |
| 690 | @aJ892.0@v5 | |
| 701 | 0 | @a郭玉琼@Aguo yu qiong@4著 |
| 801 | 0 | @aCN@bBJXHZP@c20230228 |
| 905 | @b1380879-82@dJ892.0@e238@f4 | |
| 二十世纪中国戏曲改革理论研究/郭玉琼著.-北京:中国书籍出版社,2019.05 |
| 212页;24cm |
| 本书为教育部人文社会科学研究青年项目“20世纪中国戏曲改革理论研究”最终成果 项目批准号: 13YJC760022 |
| ISBN 978-7-5068-7287-4:CNY59.00 |
| 本书共分为6个部分, 主要内容包括: 百年中国社会变迁与戏曲危机及戏曲改革、启蒙焦灼中的戏曲价值确认和戏曲改良主张、国剧: 戏曲改革的另一种理想图景及其实现路径等。 |
| ● |
| 相关链接 |
|
|
|
|
正题名:二十世纪中国戏曲改革理论研究
索取号:J892.0/238
 
预约/预借
| 序号 | 登录号 | 条形码 | 馆藏地/架位号 | 状态 | 备注 |
| 1 | 1380879 | 213808799 | 第一样本阅览室/ [索取号:J892.0/238] | 在馆 | |
| 2 | 1380880 | 213808806 | 第一借阅区/ [索取号:J892.0/238] | 在馆 | |
| 3 | 1380881 | 213808815 | 第一借阅区/ [索取号:J892.0/238] | 在馆 | |
| 4 | 1380882 | 213808824 | 第一借阅区/ [索取号:J892.0/238] | 在馆 |